| 000 | 00453nam a22002057a 4500 | ||
|---|---|---|---|
| 001 | 25487 | ||
| 005 | 20260424082727.0 | ||
| 008 | 260424b |||||||| |||| 00| 0 spa d | ||
| 041 | _aESP | ||
| 082 |
_a985.2 _bJ53 |
||
| 100 | _aJiménez Borja, Arturo | ||
| 245 | _aPuruchuco | ||
| 260 |
_a : _b , _c1988 |
||
| 300 |
_a61 páginas : _b ; _c21cm. |
||
| 440 | _a ; | ||
| 650 | _aHIS | ||
| 654 | _aCHU | ||
| 700 | _a; | ||
| 942 |
_cLIB _dJUS _fJUS _n0 _2ddc |
||
| 999 |
_c25487 _d25487 |
||